000 01159nam0a22003011 4500
001 v19\rc\1863011
005 20260406114135.0
035 _a(NLR Aleph) 005263847
090 _a5928871
_c5928871
100 _a20080221d1909 |||y0rusy50 ca
101 1 _arus
_ceng
102 _aRU
105 _aa z |||a|
200 1 _aПринц и нищий
_d(The prince and the pauper)
_eПовесть для юношества
_eИл. изд. т-ва И.Д. Сытина
_fМарк Твайн
_gПолн. пер. с англ. Льва Уманца
_zeng
210 _aМосква
_d1909
215 _a341, [2] с.
_cил.
_d22
510 0 _a(The prince and the pauper)
_zeng
532 1 3 _aПринц и нищий
700 1 _8rus
_7ca
_aТвен
_bМ.
_f1835-1910
_gМарк
_3RU\NLR\AUTH\77201
_9110265
702 1 _4730
_8rus
_7ca
_aУманец
_bЛ. И.
_f19 в.
_gЛев Игнатьевич
_3RU\NLR\AUTH\7710584
_9120352
801 0 _aRU
_bNLR
_c20080221
_gpsbo
801 0 _aRU
_bRuMoRGB
_c20080221
_2psbo
801 1 _aRU
_bProSoft-M
_c20080221
_2rusmarc
801 2 _aRU
_bNLR
_c20121101
_2rusmarc
852 _aNLR
_j38.78.6.49
942 _cBOOK
980 _aNB